Finance without Hierarchy: A Conceptual Exploration of Financial Management in Holarctic and Decentralised Structures
Salvato in:
| Autore principale: | |
|---|---|
| Altri autori: | |
| Natura: | Capitolo di libro |
| Lingua: | inglese |
| Soggetti: | |
| Tags: |
Nessun Tag, puoi essere il primo ad aggiungerne!!
|
MARC
| LEADER | 00000naa$a2200000$$$4500 | ||
|---|---|---|---|
| 001 | 0313789 | ||
| 005 | 20260105093318.0 | ||
| 041 | 0 | |a eng | |
| 044 | |a HU | ||
| 245 | 1 | 0 | |a Finance without Hierarchy: A Conceptual Exploration of Financial Management in Holarctic and Decentralised Structures |c Rebeka Gajdosík, Zuzana Skorková |
| 500 | |a Abstrakt | ||
| 610 | 2 | 0 | |a financie |
| 610 | 2 | 0 | |a riadenie finančné |
| 610 | 2 | 0 | |a hierarchia podniková |
| 610 | 2 | 0 | |a štruktúra organizačná |
| 610 | 2 | 0 | |a decentralizácia |
| 100 | 1 | |a Gajdosík, Rebeka, 1999- | |
| 700 | 1 | |a Skorková, Zuzana, 1979- | |